fast typing A-Z - Statistics

General Stats
  • This quiz has been taken 79 times
  • The average score is 24 of 26
Answer Stats
Answer % Correct
A
100%
E
100%
B
98%
C
98%
D
98%
F
98%
G
98%
H
98%
I
98%
J
98%
K
98%
L
98%
M
95%
O
93%
P
93%
R
93%
N
90%
Q
90%
S
90%
T
90%
U
88%
V
85%
W
85%
Y
85%
X
83%
Z
83%
No matching quizzes found
Score Distribution
Percent of People with Each Score
Percentile by Number Answered
Your Score History
You have not taken this quiz